Central Library OPAC University of Rajshahi

Essentials of American government / (Record no. 4386)

MARC details
000 -LEADER
fixed length control field 01105cam a22003251a 4500
001 - CONTROL NUMBER
control field 4386
003 - CONTROL NUMBER IDENTIFIER
rucl marc code BD-RjUL
005 - DATE AND TIME OF LATEST TRANSACTION
control field 20211208233901.0
008 - FIXED-LENGTH DATA ELEMENTS--GENERAL INFORMATION
fixed length control field 131222s1947 nyu b 001 0 eng
035 ## - SYSTEM CONTROL NUMBER
System control number (BD-RjUL)4421
System control number (OCoLC)2044181
040 ## - CATALOGING SOURCE
Original cataloging agency DLC
Transcribing agency ArLUA
Modifying agency ArLUA
-- TxU
-- DLC
-- BD-RjUL
Language of cataloging eng
041 ## - LANGUAGE CODE
Language code of text/sound track or separate title eng
082 ## - DEWEY DECIMAL CLASSIFICATION NUMBER
Classification number 353
-- 342.73
Author mark and year OGE 1947
100 1# - MAIN ENTRY--PERSONAL NAME
Personal name Ogg, Frederic Austin,
Dates associated with a name 1878-1951.
9 (RLIN) 13859
245 10 - TITLE STATEMENT
Title Essentials of American government /
Statement of responsibility, etc. by Frederic A. Ogg and P. Orman Ray.
250 ## - EDITION STATEMENT
Edition statement 5th ed., thoroughly rev.
260 ## - PUBLICATION, DISTRIBUTION, ETC. (IMPRINT)
Place of publication, distribution, etc. New York :
Name of publisher, distributor, etc. D. Appleton-Century Co.,
Date of publication, distribution, etc. c1947.
300 ## - PHYSICAL DESCRIPTION
Pagination vi, 728 p. ;
Size 25 cm.
490 0# - SERIES STATEMENT
Series statement The Century political science series
504 ## - BIBLIOGRAPHY, ETC. NOTE
Bibliography, etc Includes bibliographical references.
Bibliography, etc Includes Index.
650 #0 - SUBJECT ADDED ENTRY--TOPICAL TERM
Topical term or geographic name as entry element Local government
Geographic subdivision United States.
9 (RLIN) 13860
Topical term or geographic name as entry element State governments.
9 (RLIN) 13861
651 #0 - SUBJECT ADDED ENTRY--GEOGRAPHIC NAME
Geographic name United States
General subdivision Politics and government
Form subdivision Handbooks, manuals, etc.
9 (RLIN) 13587
700 1# - ADDED ENTRY--PERSONAL NAME
Personal name Ray, P. Orman
Fuller form of name (Perley Orman),
Dates associated with a name 1875-
942 ## - ADDED ENTRY ELEMENTS (KOHA)
Source of classification or shelving scheme Dewey Decimal Classification
Koha item type Books
Holdings
Lost status Source of classification or shelving scheme Damaged status Not for loan Collection code Permanent Location Current Location Shelving location Date acquired Source of acquisition Cost, normal purchase price Total Checkouts Full call number Date last seen Copy number Koha item type
  Dewey Decimal Classification   Not For Loan Non-fiction Central Library, University of Rajshahi Central Library, University of Rajshahi Reading Room 22/12/2013 Dr. Fluno 0.00   353 OGE 1947 22/12/2013 C-1 Books